Stromové dedičstvo v kultúrnej krajine a dendrologických objektoch

Stručný pohľad do problematiky s uvedenými príkladmi nadrozmerných a dlhovekých stromov. Dôvody trvalej pozornosti od verejnosti - stromy sú komplexným genetickým a taxanomickým genofondom pre výskum našej dendroflóry ako skutočné stromové dedičstvo kultúrnej a prírodnej krajiny.

Gespeichert in:
Bibliographische Detailangaben
1. Verfasser: Supuka, Ján
Weitere Verfasser: Pejchal, Miloš, Kuczman, Gabriel
Format: Buchkapitel
Sprache:Slowakisch
Schlagworte:
Tags: Tag hinzufügen
Keine Tags, Fügen Sie das erste Tag hinzu!

MARC

LEADER 00000naa a2200000 4500
001 0209678
005 20231208081426.2
041 0 |a slo 
044 |a SK 
245 1 0 |a Stromové dedičstvo v kultúrnej krajine a dendrologických objektoch  |c Ján Supuka, Miloš Pejchal, Gabriel Kuczman 
520 |a Stručný pohľad do problematiky s uvedenými príkladmi nadrozmerných a dlhovekých stromov. Dôvody trvalej pozornosti od verejnosti - stromy sú komplexným genetickým a taxanomickým genofondom pre výskum našej dendroflóry ako skutočné stromové dedičstvo kultúrnej a prírodnej krajiny. 
610 2 0 |a prostredie prírodné 
610 2 0 |a prostredie krajinné 
610 2 0 |a statky prírodné 
610 2 0 |a diverzita biologická 
610 2 0 |a ochrana prostredia životného 
610 2 0 |a príroda 
610 2 0 |a dedičstvo kultúrne 
100 1 |a Supuka, Ján 
700 1 |a Pejchal, Miloš 
700 1 |a Kuczman, Gabriel